00387pab a2200145 454500008004000000100001800040245005100058260000900109300001200118362001000130650003100140650002900171650002100200773002000221180718b2015 xxu||||| |||| 00| 0 eng d aQamar, Furqan aInternationalising the Indian higher education c2015 ap.8-12. a7 Sep aEducational policy - India aHigher education - India aHigher education aUniversity News